Effect of using corn bran in concentrate on grow performance of hybrid chicken at the animal experimental station of rua, (ឥទ្ធិពលនៃការប្រើប្រាស់កន្ទក់ពោតជាចំណីផ្សំលើការលូតលាស់មាន់ពូជកូនកាត់ នៅស្ថានីយ៍ពិសោធន៍សត្វ នៃសាកលវិទ្យាល័យភូមិន្ទកសិកម្ម) (Record no. 1946)
[ view plain ]
| 000 -LEADER | |
|---|---|
| fixed length control field | 00846nam a22001577a 4500 |
| 003 - CONTROL NUMBER IDENTIFIER | |
| control field | OSt |
| 005 - DATE AND TIME OF LATEST TRANSACTION | |
| control field | 20151005153827.0 |
| 008 - FIXED-LENGTH DATA ELEMENTS--GENERAL INFORMATION | |
| fixed length control field | 151005b xxu||||| |||| 00| 0 eng d |
| 040 ## - CATALOGING SOURCE | |
| Transcribing agency | RUA |
| 082 ## - DEWEY DECIMAL CLASSIFICATION NUMBER | |
| Classification number | AVM PIC 2005 B075 Or.1 |
| 100 ## - MAIN ENTRY--PERSONAL NAME | |
| 9 (RLIN) | 2060 |
| Personal name | PICH PRASETH |
| 245 ## - TITLE STATEMENT | |
| Title | Effect of using corn bran in concentrate on grow performance of hybrid chicken at the animal experimental station of rua, (ឥទ្ធិពលនៃការប្រើប្រាស់កន្ទក់ពោតជាចំណីផ្សំលើការលូតលាស់មាន់ពូជកូនកាត់ នៅស្ថានីយ៍ពិសោធន៍សត្វ នៃសាកលវិទ្យាល័យភូមិន្ទកសិកម្ម) |
| 260 ## - PUBLICATION, DISTRIBUTION, ETC. (IMPRINT) | |
| Place of publication, distribution, etc. | phnom penh |
| Name of publisher, distributor, etc. | RUA |
| Date of publication, distribution, etc. | 2005 |
| 300 ## - PHYSICAL DESCRIPTION | |
| Extent | vii, 38p. |
| Other physical details | ill. |
| Dimensions | 29cm. |
| 942 ## - ADDED ENTRY ELEMENTS (KOHA) | |
| Source of classification or shelving scheme | |
| Koha item type | AVM |
| Price effective from | Date last seen | Permanent Location | Not for loan | Date acquired | Source of classification or shelving scheme | Koha item type | Lost status | Withdrawn status | Total Renewals | Date last checked out | Total Checkouts | Shelving location | Damaged status | Barcode | Current Location | Full call number |
|---|---|---|---|---|---|---|---|---|---|---|---|---|---|---|---|---|
| 2015-10-05 | 2021-11-16 | Library Block B | 2015-10-05 | AVM | 2018-05-04 | 3 | B075 | RUA017174 | Library Block B | AVM PIC 2005 B075 Or.1 | ||||||
| 2015-10-05 | 2016-11-28 | Library Block B | 2015-10-05 | AVM | 1 | 2016-10-31 | 2 | B075 | RUA017096 | Library Block B | AVM PIC 2005 B075 Or.2 | |||||
| 2015-10-06 | 2015-10-06 | Library Block B | 2015-10-06 | AVM | RUA007953 | Library Block B | AVM PIC 2005 B075 Or.3 | |||||||||
| 2015-10-06 | 2020-01-13 | Library Block B | 2015-10-06 | AVM | 2020-01-10 | 2 | RUA008523 | Library Block B | AVM PIC 2005 B075 Or.4 | |||||||
| 2015-10-06 | 2021-12-08 | Library Block B | 2015-10-06 | AVM | 2021-11-26 | 2 | RUA007886 | Library Block B | AVM PIC 2005 B075 Or.5 |